2022 FIFA World Cup Qualified Teams - Statistics

General Stats
  • This quiz has been taken 1,271 times
    891 since last reset
  • The average score is 24 of 32
Answer Stats
Continent Nation % Correct
CONMEBOL Argentina
95%
CONMEBOL Brazil
93%
UEFA France
92%
UEFA Spain
89%
UEFA England
86%
UEFA Germany
85%
AFC Japan
85%
UEFA Portugal
84%
CONCACAF United States
84%
CAF Morocco
83%
CONCACAF Mexico
82%
AFC Qatar
80%
CAF Senegal
80%
CONMEBOL Uruguay
79%
CONCACAF Canada
78%
UEFA Netherlands
77%
AFC South Korea
76%
CONMEBOL Ecuador
72%
AFC Saudi Arabia
72%
AFC Australia
71%
UEFA Croatia
71%
UEFA Belgium
70%
CAF Ghana
67%
UEFA Poland
67%
CAF Cameroon
66%
CONCACAF Costa Rica
66%
UEFA Denmark
66%
UEFA Switzerland
66%
AFC Iran
65%
UEFA Wales
60%
UEFA Serbia
59%
CAF Tunisia
57%
No matching quizzes found
Score Distribution
Percent of People with Each Score
Percentile by Number Answered
Your Score History
You have not taken this quiz since the last reset